| 000 | 00867nas a2200277 4500 | ||
|---|---|---|---|
| 001 | BR0603975 | ||
| 003 | BR-BrBNA | ||
| 005 | 20231205110312.0 | ||
| 007 | ta | ||
| 008 | 230509b bl.|||p| |||| 00| 00por d | ||
| 040 |
_aBR-BrBNA _bpor _cBiblioteca Nacional de Agricultura |
||
| 041 | _a(Pt) | ||
| 072 | _aM12 | ||
| 100 | 1 | _aGraeff, A. | |
| 100 | 1 | _aMondardo, M. | |
| 245 | 1 | _aSubstituição da farinha de peixes pela farinha de penas hidrolizada na alimentação da carpa comum (Cyprinus carpio L.)na fase de recria | |
| 650 | _aCARPA | ||
| 650 | _aCYPRINUS CARPIO | ||
| 650 | _aFARINHA DE PEIXE | ||
| 650 | _aFARINHA DE PENA | ||
| 650 | _aNUTRIÇÃO ANIMAL | ||
| 650 | _aRECRIA | ||
| 773 | 0 |
_tRevista Ceres (Brazil) _xISSN 0034-737X _g(Jan-Feb 2006), v. 53(305) p. 7-13 _wBR0603975 |
|
| 909 |
_a202311 _bLúcia _c55 _dLúcia Elande |
||
| 942 |
_2AGRIS _n0 _cANA |
||
| 999 |
_c186892 _d186892 |
||